Economía positiva y objetivos de política económica (Registro nro. 4708)
[ vista simple ]
| 000 -LEADER | |
|---|---|
| fixed length control field | 00985 a2200193 4500 |
| 001 - CONTROL NUMBER | |
| control field | 48771 |
| 005 - DATE AND TIME OF LATEST TRANSACTION | |
| control field | 20260407155753.0 |
| 008 - FIXED-LENGTH DATA ELEMENTS--GENERAL INFORMATION | |
| fixed length control field | 260407a1971 arg spa d |
| 003 - CONTROL NUMBER IDENTIFIER | |
| control field | AR-UNSa-BCEJYS |
| 040 ## - CATALOGING SOURCE | |
| Original cataloging agency | AR-UNSa-BCEJYS |
| Language of cataloging | spa |
| Transcribing agency | AR-UNSa-BCEJYS |
| 080 ## - UNIVERSAL DECIMAL CLASSIFICATION NUMBER | |
| Universal Decimal Classification number | 338.2 |
| Common auxiliary subdivision | Política económica. Control de la economía. Gestión de la economía. Planificación económica |
| 100 1# - MAIN ENTRY--PERSONAL NAME | |
| Personal name | Hutchison, T.W. |
| 245 10 - TITLE STATEMENT | |
| Title | Economía positiva y objetivos de política económica |
| 264 #1 - PRODUCTION, PUBLICATION, DISTRIBUTION, MANUFACTURE, AND COPYRIGHT NOTICE | |
| Place of production, publication, distribution, manufacture | Barcelona : |
| Name of producer, publisher, distributor, manufacturer | Vicens-Vives |
| Date of production, publication, distribution, manufacture, or copyright notice | 1971 |
| 300 ## - PHYSICAL DESCRIPTION | |
| Extent | 240 p. |
| Dimensions | 21 cm. |
| 505 ## - FORMATTED CONTENTS NOTE | |
| Formatted contents note | PRIMERA PARTE: ¿Economía positiva?: 1. La distinción positivo-normativa en la Historia del pensamiento económico - 2. Origen e importancia de los juicios de valor y de la parcialidad en la Ciencia Económica - SEGUNDA PARTE: 3. Los objetivos de las políticas económicas. Una revisión histórica - 4. La formulación de objetivos y de preferencias políticas. |
| 590 ## - LOCAL NOTE (RLIN) | |
| Local note | niveau_biblio:m niveau_hierar:0 |
| 942 ## - ADDED ENTRY ELEMENTS (KOHA) | |
| Koha item type | |
| Withdrawn status | Lost status | Damaged status | Not for loan | Home library | Current library | Shelving location | Date acquired | Total checkouts | Full call number | Barcode | Date last seen | Price effective from | Koha item type |
|---|---|---|---|---|---|---|---|---|---|---|---|---|---|
| Biblioteca Prof. Eusebio Cleto del Rey | Biblioteca Prof. Eusebio Cleto del Rey | 07/04/2026 | 338.2 H973 | L25809 | 07/04/2026 | 07/04/2026 | Libro | ||||||
| Biblioteca Prof. Eusebio Cleto del Rey | Biblioteca Prof. Eusebio Cleto del Rey | 07/04/2026 | 338.2 H973 | L25810 | 07/04/2026 | 07/04/2026 | Libro |